000 00672nam a2200229 a 4500
001 000022658
005 20200930021725.0
008 101014s1997 es 001 0 spa d
020 _a8423988015
040 _aDO-SdBNP
_bspa
_cBNPHU
082 _axxxx
_bH677i
100 1 _aHomero
_938113
245 1 0 _aIlíada; :
_bOdisea /
_cHomero.
260 _aMadrid, :
_bEditorial Espasa Calpe,
_c1997.
_fHuertas
300 _a699 p. ;
_c22 cm.
490 1 _aAntología de la literatura universal
563 _aVarias obras empaginadas en páginas continuas
740 2 _aIlíada
740 2 _aOdisea
830 0 _aAntología de la literatura universa
_946616
049 _aBNPD
999 _c22155
_d22155